Statistics for Countries Quizmaster visited in alphabetical order

Click here to take the quiz!

General Stats

  • This quiz has been taken 14 times
  • The average score is 19 of 24

Answer Stats

Country% Correct
CCanada
100%
FFrance
100%
JJapan
100%
AAustralia
93%
GGermany
93%
IItaly
93%
MMexico
93%
NNorway
93%
UUnited Kingdom
93%
UUnited States of America
93%
DDenmark
86%
NNetherlands
86%
SSweden
86%
AAustria
79%
IIreland
79%
NNew Zealand
79%
VVatican City
79%
SSpain
71%
CChina
64%
MMonaco
64%
TThailand
64%
CCosta Rica
57%
PPeru
50%
TTanzania
43%

Score Distribution

Percentile by Number Answered

Percent of People with Each Score

Your Score History

You have not taken this quiz